000 00428nam a2200181Ia 4500
005 20250310011618.0
008 240331s9999 xx 000 0 und d
020 _a9552031524
082 _bJAY
_a891
100 _aJayakody,S
245 0 _aBalawaththu saha bavalaththu
260 _aColombo
_bS. Godage and Brothers
_c1991
300 _a200 p .,
650 _aWomen
650 _aReligion
650 _aCultural
942 _cL
999 _c4817
_d4817